[Event "GER-chT U12"]
[Site "Magdeburg"]
[Date "2023.12.29"]
[Round "6.9"]
[White "Wang, Kaiwen"]
[Black "Fuchs, Jakob"]
[Result "0-1"]
[WhiteElo "1446"]
[BlackElo "1155"]
[PlyCount "110"]
[EventDate "2023.12.26"]
[EventType "team-swiss"]
[EventRounds "7"]
[EventCountry "GER"]
[SourceTitle "CB03_2024"]
[SourceDate "2024.01.17"]
[SourceVersion "1"]
[SourceVersionDate "2024.01.17"]
[SourceQuality "1"]
[WhiteTeam "Hamburger SK"]
[BlackTeam "Magdeburg Schachzwerge"]
[WhiteTeamCountry "GER"]
[BlackTeamCountry "GER"]

1. e4 e5 2. Nf3 Nc6 3. d4 exd4 4. Bc4 Nf6 5. e5 Ne4 6. 0-0 d5 7. Bb5 Bd7 8. c3 Nxe5 9. Bxd7+ Nxd7 10. Qxd4 Nb6 11. Nbd2 c5 12. Qe3 Qe7 13. Re1 f5 14. Qf4 g6 15. Re3 0-0-0 16. b4 d4 17. cxd4 Nd5 18. Qe5 Qxe5 19. Nxe5 Nxe3 20. Nxe4 Nc2 21. Rb1 Rxd4 22. Bb2 Rxe4 23. Nd7 Rxb4 24. Ne5 Bg7 25. Nd3 Rb5 26. Rc1 Bxb2 27. Rxc2 Re8 28. g3 Bd4 29. Nf4 Rb2 30. Rc1 Bxf2+ 31. Kf1 Re1+ 32. Rxe1 Bxe1 33. Kxe1 Rxa2 34. h3 c4 35. g4 fxg4 36. hxg4 c3 37. Kd1 b5 38. Kc1 b4 39. Nd5 b3 40. Nxc3 Rc2+ 41. Kb1 Rxc3 42. g5 Rg3 43. Kb2 Rxg5 44. Kxb3 h5 45. Kc3 Rf5 46. Kd4 h4 47. Ke4 h3 48. Kd4 h2 49. Ke3 h1R 50. Ke4 Rh4+ 51. Ke3 g5 52. Kd3 Rf3+ 53. Ke2 g4 54. Ke1 Rh2 55. Kd1 Rf1# 0-1

[Event "GER-chT U12"]
[Site "Magdeburg"]
[Date "2023.12.29"]
[Round "5.7"]
[White "Wang, Kaiwen"]
[Black "Nguyen, Bach Khoi"]
[Result "0-1"]
[WhiteElo "1446"]
[BlackElo "1262"]
[PlyCount "92"]
[EventDate "2023.12.26"]
[EventType "team-swiss"]
[EventRounds "7"]
[EventCountry "GER"]
[SourceTitle "CB03_2024"]
[SourceDate "2024.01.17"]
[SourceVersion "1"]
[SourceVersionDate "2024.01.17"]
[SourceQuality "1"]
[WhiteTeam "Hamburger SK"]
[BlackTeam "Oberschoeneweide"]
[WhiteTeamCountry "GER"]
[BlackTeamCountry "GER"]

1. e4 e5 2. Nf3 Nc6 3. Nc3 Nf6 4. d4 exd4 5. Nxd4 Bb4 6. Nxc6 bxc6 7. Bd3 d5 8. exd5 0-0 9. 0-0 cxd5 10. Bg5 c6 11. Qf3 Be7 12. h3 h6 13. Bh4 Be6 14. Rfe1 Rb8 15. Rab1 Qd7 16. Bg3 Rb7 17. Ne2 c5 18. Nf4 c4 19. Nxe6 fxe6 20. Bg6 Bc5 21. Qe2 Rb6 22. b3 cxb3 23. cxb3 Bb4 24. Rec1 Rc6 25. Rxc6 Qxc6 26. Be5 Nd7 27. Bd4 e5 28. Bc2 exd4 29. Rc1 Qf6 30. Rf1 Ne5 31. Qb5 Qd6 32. Qb7 Bc5 33. b4 Bb6 34. Bb3 Rd8 35. Re1 d3 36. Rd1 Qxb4 37. Bxd5+ Kh8 38. Bf3 Rf8 39. Qd5 Nxf3+ 40. gxf3 Rd8 41. Qf5 Qd4 42. Rd2 Qxf2+ 43. Rxf2 Bxf2+ 44. Kxf2 d2 45. Qc2 d1Q 46. Qxd1 Rxd1 0-1

[Event "GER-ch U12"]
[Site "Willingen"]
[Date "2023.05.31"]
[Round "5"]
[White "Wang, Kaiwen"]
[Black "Rau, Eduard"]
[Result "0-1"]
[WhiteElo "1333"]
[BlackElo "1393"]
[PlyCount "56"]
[EventDate "2023.05.27"]
[EventType "swiss"]
[EventRounds "9"]
[EventCountry "GER"]
[SourceTitle "CBM 214 Extra"]
[Source "ChessBase"]
[SourceDate "2023.07.31"]
[SourceVersion "1"]
[SourceVersionDate "2023.07.31"]
[SourceQuality "1"]

1. e4 c5 2. Nf3 Nc6 3. d4 cxd4 4. Nxd4 g6 5. c4 Bg7 6. Be3 Nf6 7. Nc3 0-0 8. Be2 d6 9. 0-0 Nd7 10. f4 Nc5 11. Nxc6 bxc6 12. e5 Rb8 13. Qd2 Qa5 14. exd6 exd6 15. Qxd6 Rxb2 16. Bxc5 Qxc3 17. Bf3 Qxc4 18. Rac1 Qxa2 19. Qc7 Bg4 20. Ra1 Qc4 21. Bxf8 Qd4+ 22. Kh1 Bxf3 23. gxf3 Qd2 24. Qxf7+ Kxf7 25. Rxa7+ Kxf8 26. Ra8+ Kf7 27. Ra7+ Ke6 28. f5+ gxf5 0-1

[Event "GER-ch U12"]
[Site "Willingen"]
[Date "2023.05.30"]
[Round "4"]
[White "Deiringer, Julius"]
[Black "Wang, Kaiwen"]
[Result "1-0"]
[WhiteElo "1742"]
[BlackElo "1333"]
[PlyCount "99"]
[EventDate "2023.05.27"]
[EventType "swiss"]
[EventRounds "9"]
[EventCountry "GER"]
[SourceTitle "CBM 214 Extra"]
[Source "ChessBase"]
[SourceDate "2023.07.31"]
[SourceVersion "1"]
[SourceVersionDate "2023.07.31"]
[SourceQuality "1"]

1. e4 e5 2. Nf3 Nc6 3. Bb5 Nf6 4. d3 d6 5. c3 Be7 6. 0-0 0-0 7. Re1 a6 8. Ba4 b5 9. Bc2 Bb7 10. Nbd2 Qd7 11. Nf1 d5 12. exd5 Qxd5 13. Bb3 Qd6 14. Ng3 Rae8 15. Bg5 h6 16. Nf5 Qc5 17. Be3 Nd4 18. cxd4 Bxf3 19. dxc5 Bxd1 20. Nxe7+ Rxe7 21. Raxd1 c6 22. f3 Rd8 23. Rd2 Red7 24. Red1 a5 25. a4 bxa4 26. Bxa4 Nd5 27. Bf2 Nb4 28. d4 Rd5 29. Bb3 R5d7 30. Be3 Rb8 31. dxe5 Rxd2 32. Rxd2 Re8 33. Bf4 g5 34. Bg3 h5 35. Rd7 Kh8 36. Bxf7 Rb8 37. e6 Nd5 38. Bxb8 Kg7 39. Bxh5+ Kf6 40. Rxd5 cxd5 41. Bg4 d4 42. Bd6 d3 43. Kf2 d2 44. Ke2 d1Q+ 45. Kxd1 a4 46. e7 a3 47. e8Q axb2 48. Qe5+ Kg6 49. Bf5+ Kh5 50. Qh8# 1-0

[Event "GER-ch U10"]
[Site "Willingen"]
[Date "2022.06.11"]
[Round "11"]
[White "Wang, Kaiwen"]
[Black "Moskalenko, Michael"]
[Result "1-0"]
[WhiteElo "1151"]
[BlackElo "1266"]
[PlyCount "99"]
[EventDate "2022.06.04"]
[EventType "swiss"]
[EventRounds "11"]
[EventCountry "GER"]
[SourceTitle "CBM 208 Extra"]
[Source "ChessBase"]
[SourceDate "2022.07.31"]
[SourceVersion "1"]
[SourceVersionDate "2022.07.31"]
[SourceQuality "1"]

1. e4 c6 2. d4 d5 3. exd5 cxd5 4. c4 Nf6 5. Nc3 Nc6 6. Nf3 Bg4 7. Be3 e6 8. c5 Be7 9. Bb5 0-0 10. 0-0 Qc7 11. h3 Bh5 12. Be2 b6 13. cxb6 Qxb6 14. Ne5 Bxe2 15. Qxe2 Rfc8 16. Rac1 Nxd4 17. Qd2 Bc5 18. Na4 Ne4 19. Qd3 Qb4 20. Nxc5 Nxc5 21. Qxd4 Qxd4 22. Bxd4 Ne4 23. Rxc8+ Rxc8 24. Be3 f6 25. Nd3 e5 26. Bxa7 Ra8 27. Bc5 Rxa2 28. Ba3 Nd2 29. Rd1 Nb3 30. Nb4 Ra1 31. Rxa1 Nxa1 32. Nxd5 Nb3 33. f3 Kf7 34. Nc7 Kg6 35. Ne6 Kf7 36. Nc5 Nd4 37. b4 Kg6 38. Bb2 Nb5 39. Ne4 Kf5 40. Nc3 Nd6 41. b5 h5 42. Na4 e4 43. fxe4+ Kxe4 44. b6 Kd5 45. Ba3 Nb7 46. Nc5 Kc6 47. Nxb7 Kxb7 48. Bc5 f5 49. h4 g6 50. Kf2 1-0

[Event "GER-ch U10"]
[Site "Willingen"]
[Date "2022.06.10"]
[Round "10"]
[White "Wang, Kaiwen"]
[Black "Classen, Marnin"]
[Result "1-0"]
[WhiteElo "1151"]
[BlackElo "1168"]
[PlyCount "111"]
[EventDate "2022.06.04"]
[EventType "swiss"]
[EventRounds "11"]
[EventCountry "GER"]
[SourceTitle "CBM 208 Extra"]
[Source "ChessBase"]
[SourceDate "2022.07.31"]
[SourceVersion "1"]
[SourceVersionDate "2022.07.31"]
[SourceQuality "1"]

1. e4 e6 2. b3 d5 3. Bb2 Nf6 4. e5 Nfd7 5. Nf3 Nc6 6. d4 b6 7. Be2 Na5 8. 0-0 c5 9. c3 Nc6 10. Nfd2 Qh4 11. f4 Be7 12. Bc1 cxd4 13. Nf3 Qh6 14. f5 Qh5 15. Nxd4 Qh4 16. Nxc6 Bc5+ 17. Nd4 Nxe5 18. fxe6 fxe6 19. Kh1 Bd6 20. Qe1 Qxe1 21. Rxe1 0-0 22. Bg5 h6 23. Bh4 Ng4 24. Bxg4 Rf4 25. Bg3 Rxg4 26. Bxd6 Rg6 27. Nc6 Kh7 28. Ne5 Rf6 29. Nd2 Bb7 30. Ndf3 Rf5 31. g4 Rf4 32. Kg2 Rd8 33. Ba3 d4 34. Kg3 g5 35. Nxd4 Rdf8 36. Bxf8 Rxf8 37. Nxe6 Re8 38. Nd4 Rf8 39. Rf1 Re8 40. Nc4 Bd5 41. Rae1 Rd8 42. Re7+ Kg8 43. Ne6 Bxe6 44. Rxe6 Kg7 45. Re7+ Kg8 46. Rxa7 Rd3+ 47. Rf3 Rd8 48. Nxb6 Kh8 49. c4 Kg8 50. c5 Rd1 51. c6 Rc1 52. Rd3 Rf1 53. c7 Rf8 54. c8Q Rxc8 55. Nxc8 Kf8 56. Rd8# 1-0

[Event "GER-ch U10"]
[Site "Willingen"]
[Date "2022.06.06"]
[Round "4"]
[White "Meurer, Knut"]
[Black "Wang, Kaiwen"]
[Result "0-1"]
[WhiteElo "998"]
[BlackElo "1151"]
[PlyCount "82"]
[EventDate "2022.06.04"]
[EventType "swiss"]
[EventRounds "11"]
[EventCountry "GER"]
[SourceTitle "CBM 208 Extra"]
[Source "ChessBase"]
[SourceDate "2022.07.31"]
[SourceVersion "1"]
[SourceVersionDate "2022.07.31"]
[SourceQuality "1"]

1. d4 Nf6 2. Nc3 c5 3. e3 e6 4. Nf3 d5 5. Bb5+ Bd7 6. Bxd7+ Nbxd7 7. 0-0 Be7 8. Bd2 0-0 9. Qe2 a6 10. e4 dxe4 11. Nxe4 cxd4 12. Nxd4 Nxe4 13. Qxe4 Nc5 14. Qe3 h6 15. Rad1 Bf6 16. c3 Na4 17. Bc1 Qc7 18. Qf3 Be5 19. g3 Kh8 20. Qe4 Nc5 21. Qe3 Bf6 22. Qf3 Be5 23. Qh5 Kg8 24. b4 Nd7 25. Rd2 Nf6 26. Qe2 Nd7 27. Qe1 Rad8 28. Qd1 Nf6 29. Re2 Qxc3 30. Rxe5 Rxd4 31. Qe2 Qxb4 32. Be3 Re4 33. Rxe4 Qxe4 34. Qb2 Ng4 35. Bc5 Rc8 36. Bd6 Rc2 37. Qa3 Qd4 38. Bf4 Rxf2 39. Be3 Rxf1+ 40. Kxf1 Nxe3+ 41. Ke1 Nc2+ 0-1

[Event "GER-ch U10"]
[Site "Willingen"]
[Date "2021.08.24"]
[Round "3"]
[White "Wang, Kaiwen"]
[Black "Payyappat, Sayas"]
[Result "0-1"]
[WhiteElo "1068"]
[BlackElo "1233"]
[PlyCount "102"]
[EventDate "2021.08.22"]
[EventType "swiss"]
[EventRounds "11"]
[EventCountry "GER"]
[SourceTitle "EXT 2022"]
[Source "ChessBase"]
[SourceDate "2021.10.06"]
[SourceVersion "1"]
[SourceVersionDate "2021.10.06"]
[SourceQuality "1"]

1. e4 c5 2. Nf3 d6 3. d4 cxd4 4. Nxd4 Nf6 5. Nc3 a6 6. f3 e5 7. Nb3 Be7 8. Be3 Be6 9. Qd2 h5 10. Be2 Nbd7 11. 0-0 0-0 12. Rad1 Rc8 13. Qc1 Qc7 14. Rd2 b5 15. a3 Nb6 16. Qd1 Bc4 17. Na5 Bxe2 18. Qxe2 Rfe8 19. Rd3 Na4 20. Nxa4 bxa4 21. Nb3 axb3 22. cxb3 Qc2 23. Qxc2 Rxc2 24. Rb1 Rd8 25. b4 d5 26. Bg5 dxe4 27. Rxd8+ Bxd8 28. fxe4 Bb6+ 29. Kf1 Nxe4 30. a4 Nxg5 31. a5 Bd4 32. b5 axb5 33. a6 Ne4 34. Ra1 Ba7 35. Rd1 Rc6 36. Ra1 Nc5 37. b4 Nxa6 38. Ke2 Bd4 39. Ra5 Nxb4 40. Rxb5 Rc2+ 41. Kd1 Rb2 42. g4 hxg4 43. Rxb4 Rxb4 44. Kc2 Rb2+ 45. Kd3 Rxh2 46. Ke4 g3 47. Kf3 g2 48. Ke4 Kf8 49. Kf5 g1Q 50. Ke4 Qg2+ 51. Kd3 Qc2# 0-1

[Event "GER-ch U18 sf Berlin Online"]
[Site "Playchess.com INT"]
[Date "2020.05.01"]
[Round "6"]
[White "Freude, Max"]
[Black "Wang, Kaiwen"]
[Result "1-0"]
[WhiteElo "1620"]
[BlackElo "1406"]
[PlyCount "121"]
[EventDate "2020.05.01"]
[EventType "swiss (blitz)"]
[EventRounds "13"]
[EventCountry "GER"]
[SourceTitle "CBM 195 Extra"]
[Source "ChessBase"]
[SourceDate "2020.05.31"]
[SourceVersion "1"]
[SourceVersionDate "2020.05.31"]
[SourceQuality "1"]

1. e4 e5 2. Nf3 Nc6 3. d4 exd4 4. Bc4 Bc5 5. c3 d3 6. 0-0 Nf6 7. Qxd3 0-0 8. e5 Ng4 9. Qe4 d6 10. e6 Nf6 11. exf7+ Kh8 12. Qh4 d5 13. Bd3 Rxf7 14. Ng5 Rf8 15. Nxh7 Kg8 16. Nxf8 Kxf8 17. Bg5 Be7 18. Bg6 Ne5 19. Qh8+ Ng8 20. Bxe7+ Qxe7 21. Bh7 Qf7 22. Qxg8+ Qxg8 23. Bxg8 Kxg8 24. Re1 Nc6 25. Nd2 Bf5 26. Nf3 g6 27. Ne5 Nxe5 28. Rxe5 Kg7 29. Rxd5 Re8 30. Rdd1 Kf6 31. Re1 Rd8 32. Re2 Be6 33. f3 Kf5 34. Kf2 Bc4 35. Rc2 c6 36. b3 Be6 37. Re1 Rd3 38. Rce2 Bc8 39. c4 b6 40. Re8 Bd7 41. R8e7 Bc8 42. Rxa7 Rd2+ 43. Re2 Rxe2+ 44. Kxe2 Kf4 45. Rc7 g5 46. Rxc8 g4 47. fxg4 Kxg4 48. Rxc6 Kf4 49. Rxb6 Kg4 50. Re6 Kf4 51. Re3 Kg4 52. a4 Kf4 53. a5 Kg4 54. a6 Kf4 55. a7 Kg4 56. a8Q Kf4 57. Qf3+ Kg5 58. Re5+ Kh6 59. Qf6+ Kh7 60. Re7+ Kg8 61. Qg7# 1-0

[Event "GER-ch U18 sf Berlin Online"]
[Site "Playchess.com INT"]
[Date "2020.05.01"]
[Round "4"]
[White "Kopylov, Daniel"]
[Black "Wang, Kaiwen"]
[Result "1-0"]
[WhiteElo "2173"]
[BlackElo "1406"]
[PlyCount "45"]
[EventDate "2020.05.01"]
[EventType "swiss (blitz)"]
[EventRounds "13"]
[EventCountry "GER"]
[SourceTitle "CBM 195 Extra"]
[Source "ChessBase"]
[SourceDate "2020.05.31"]
[SourceVersion "1"]
[SourceVersionDate "2020.05.31"]
[SourceQuality "1"]

1. e4 e5 2. Nf3 Nc6 3. Nc3 Nf6 4. d4 exd4 5. Nxd4 Bb4 6. Nxc6 bxc6 7. Bd3 d5 8. Bd2 Bxc3 9. Bxc3 dxe4 10. Bxf6 Qxf6 11. Bxe4 0-0 12. 0-0 Bb7 13. Qf3 Qxb2 14. Rab1 Qxa2 15. Rxb7 c5 16. Rxc7 Qc4 17. Bxa8 h6 18. Bd5 Qxc2 19. Rxf7 Rxf7 20. Qxf7+ Kh7 21. Be6 Qe2 22. Bf5+ Kh8 23. Qf8# 1-0

[Event "GER-ch U18 sf Berlin Online"]
[Site "Playchess.com INT"]
[Date "2020.05.01"]
[Round "3"]
[White "Wang, Kaiwen"]
[Black "Meng, Yuxuan"]
[Result "1-0"]
[WhiteElo "1406"]
[BlackElo "1620"]
[PlyCount "37"]
[EventDate "2020.05.01"]
[EventType "swiss (blitz)"]
[EventRounds "13"]
[EventCountry "GER"]
[SourceTitle "CBM 195 Extra"]
[Source "ChessBase"]
[SourceDate "2020.05.31"]
[SourceVersion "1"]
[SourceVersionDate "2020.05.31"]
[SourceQuality "1"]

1. e4 c5 2. Nf3 e6 3. d4 cxd4 4. Nxd4 Nf6 5. Nc3 Nc6 6. Be3 Bb4 7. Bd3 Qa5 8. Qd2 Bxc3 9. bxc3 0-0 10. Nb3 Qc7 11. 0-0 d5 12. Bf4 Qd7 13. exd5 exd5 14. Nc5 Qe7 15. Be3 Re8 16. Rfe1 Qd8 17. Bg5 b6 18. Bxf6 Qxf6 19. Rxe8# 1-0

[Event "GER-ch Net Amateur Gr-C Vor1"]
[Site "Playchess.com INT"]
[Date "2020.04.14"]
[Round "9"]
[White "Hausmann, Heiko"]
[Black "Wang, Kaiwen"]
[Result "1-0"]
[WhiteElo "1460"]
[BlackElo "1620"]
[PlyCount "119"]
[EventDate "2020.04.14"]
[EventType "swiss (blitz)"]
[EventRounds "9"]
[EventCountry "GER"]
[SourceTitle "CBM 196 Extra"]
[Source "ChessBase"]
[SourceDate "2020.07.31"]
[SourceVersion "1"]
[SourceVersionDate "2020.07.31"]
[SourceQuality "1"]

1. e4 e5 2. Nf3 Nc6 3. d4 exd4 4. c3 Nf6 5. cxd4 Nxe4 6. Bd3 d5 7. 0-0 Bd6 8. Re1 Bf5 9. Bg5 f6 10. Bc1 0-0 11. Nh4 Nxd4 12. Nxf5 Nxf5 13. Bxe4 dxe4 14. Qd5+ Kh8 15. Qxf5 Bb4 16. Nc3 Qd3 17. Qxe4 Rad8 18. Qxd3 Rxd3 19. Bf4 Bxc3 20. bxc3 Rxc3 21. Re7 Rd3 22. Rxc7 Rfd8 23. h3 R3d4 24. Be3 Rd3 25. Rxb7 h6 26. Rxa7 Kh7 27. a3 Kg6 28. a4 Rd1+ 29. Rxd1 Rxd1+ 30. Kh2 Ra1 31. a5 Ra4 32. a6 f5 33. Ra8 h5 34. Ra7 Kf6 35. g3 Kg6 36. Ra8 Kf6 37. a7 Kf7 38. Rh8 Rxa7 39. Bxa7 Kg6 40. f4 h4 41. Rxh4 Kf7 42. g4 g5 43. fxg5 fxg4 44. hxg4 Kg6 45. Be3 Kg7 46. Rh6 Kf7 47. Kg3 Kg7 48. Kf4 Kf7 49. Kf5 Kg7 50. g6 Kg8 51. Bd4 Kf8 52. Rh8+ Ke7 53. g7 Kd6 54. g8Q Kc6 55. Qb3 Kd6 56. Re8 Kd7 57. Re6 Kc7 58. Qb6+ Kd7 59. Qc6+ Kd8 60. Bb6# 1-0

[Event "Blankenese op 3rd"]
[Site "Hamburg"]
[Date "2019.10.06"]
[Round "7"]
[White "Wang, Kaiwen"]
[Black "Itin, Timofey"]
[Result "1-0"]
[WhiteElo "1304"]
[BlackElo "1113"]
[PlyCount "37"]
[EventDate "2019.10.03"]
[EventType "swiss"]
[EventRounds "7"]
[EventCountry "GER"]
[SourceTitle "EXT 2023"]
[Source "ChessBase"]
[SourceDate "2022.10.05"]
[SourceVersion "1"]
[SourceVersionDate "2022.10.05"]
[SourceQuality "1"]

1. e4 e5 2. Nf3 Nc6 3. Nc3 Nf6 4. d4 Nxd4 5. Nxd4 exd4 6. Qxd4 b6 7. Bg5 Bc5 8. Qd2 d6 9. 0-0-0 0-0 10. e5 h6 11. exf6 hxg5 12. fxg7 Kxg7 13. Bd3 Bb7 14. f3 f6 15. h4 gxh4 16. Rxh4 Kf7 17. Rh7+ Kg8 18. Qh6 Rf7 19. Rh8# 1-0

[Event "Blankenese op 3rd"]
[Site "Hamburg"]
[Date "2019.10.05"]
[Round "5"]
[White "Wang, Kaiwen"]
[Black "Krueger, Dietrich"]
[Result "1-0"]
[WhiteElo "1304"]
[BlackElo "989"]
[PlyCount "71"]
[EventDate "2019.10.03"]
[EventType "swiss"]
[EventRounds "7"]
[EventCountry "GER"]
[SourceTitle "EXT 2023"]
[Source "ChessBase"]
[SourceDate "2022.10.05"]
[SourceVersion "1"]
[SourceVersionDate "2022.10.05"]
[SourceQuality "1"]

1. e4 Nc6 2. d4 d5 3. exd5 Qxd5 4. Nf3 Bg4 5. Nc3 Qd7 6. Be3 0-0-0 7. Be2 h5 8. h3 Bf5 9. Bb5 a6 10. Ne5 Qe6 11. Bc4 Qf6 12. Nxf7 Rh7 13. Nxd8 Kxd8 14. Bxg8 Rh8 15. Bb3 g5 16. Nd5 Qg6 17. Qd2 g4 18. 0-0-0 a5 19. Nf4 Qf6 20. d5 Nb4 21. Bd4 e5 22. Ne6+ Bxe6 23. Bxe5 Qxe5 24. dxe6+ Bd6 25. Rhe1 Qf6 26. e7+ Ke8 27. Ba4+ Nc6 28. Qxa5 Bxe7 29. Qa8+ Kf7 30. Bb3+ Kg7 31. Qxb7 Nd8 32. Qxc7 Kf8 33. Rxe7 Nf7 34. Rd8+ Kg7 35. Rxf7+ Qxf7 36. Qxf7+ 1-0